000 00610nam a22001937a 4500
008 161006b xxu||||| |||| 00| 0 eng d
020 _a9781292068701
050 _aPN 83 .B76 2014
100 _aBrowne M. Neil
245 _aAsking the right questions :
_ba guide to critical thinking/
_cM.Neil Browne and Stuart M. Keeley
250 _a11th ed.
260 _aBoston :
_bPearson education ,
_cc2014
300 _a185p. :
_bill. ;
500 _aIncludes index.
650 _aCritism
650 _aCritical thinking
700 _aKeeley Stuart M.
942 _2lcc
_cBOOKS
_hPN 83 .B76 2014
999 _c14625
_d14625